000 00869nam a22002777a 4500
003 CHAP
005 20220329140315.0
008 971013s r 00010 d
010 _a50138
011 _a51110
035 _a55260
040 _cCHAP
090 _aB-443
245 _aPhosphorus nutrition of alfalfa, blue grass, clover, orchard grass, reed canary grass, and rye grass
500 _a1950-1974 (TVA)
590 _aBATCH-UPD
_b10
_c20130110
_lUCH01
_h1339
590 _aBATCH-UPD
_b10
_c20130410
_lUCH01
_h0841
590 _aBATCH-UPD
_b10
_c20130914
_lUCH01
_h1201
590 _aCONVERSION
_b10
_c20130109
_lUCH01
_h1327
650 1 4 _aDiagnóstico foliar.
_932394
650 1 4 _aFósforo
_xEfecto en alfalfa.
_942213
650 1 4 _aFósforo
_xEfecto en plantas.
_942250
901 _aBK
942 _cLIBRO
949 _aB-443
_bBC
_cBIB
_d-121364
_eBIB
_i55260
_si
999 _c50138
_d50138